[Event "Wroclaw Anderssen Memorial"]
[Site "Wroclaw"]
[Date "2022.07.30"]
[Round "9"]
[White "Dymara, Tomasz"]
[Black "Rzewnicki, Pawel"]
[Result "0-1"]
[WhiteElo "1069"]
[BlackElo "1547"]
[PlyCount "108"]
[EventDate "2022.07.30"]
[EventType "swiss (rapid)"]
[EventRounds "9"]
[EventCountry "POL"]
[SourceTitle "CBM 209 Extra"]
[Source "ChessBase"]
[SourceDate "2022.09.30"]
[SourceVersion "1"]
[SourceVersionDate "2022.09.30"]
[SourceQuality "1"]

1. d4 d5 2. c4 e6 3. Nc3 Be7 4. cxd5 exd5 5. Bf4 Nf6 6. e3 0-0 7. Bd3 c6 8. h3 Re8 9. Nf3 Nbd7 10. 0-0 Nf8 11. Qc2 Ng6 12. Bh2 Be6 13. Rab1 a5 14. a3 Qd7 15. b4 axb4 16. axb4 Ra3 17. Rfc1 Rea8 18. b5 Nf8 19. Ne5 Qc7 20. Nc4 Qc8 21. Nxa3 Bxa3 22. Rd1 c5 23. dxc5 Bxc5 24. Ne2 b6 25. Rdc1 Qd7 26. Nd4 Ng6 27. Nxe6 Qxe6 28. Ra1 Re8 29. Bf5 Qe7 30. Qa4 Ne5 31. Qa7 Nc4 32. Qxe7 Bxe7 33. Bd3 Nd2 34. Ra6 Bc5 35. Rc2 Nb3 36. Rca2 Na5 37. Ra7 Ne4 38. Bxe4 dxe4 39. R7xa5 bxa5 40. Rxa5 Rc8 41. Ra6 Kf8 42. Rc6 Rxc6 43. bxc6 Ke7 44. c7 Kd7 45. Kf1 Bb6 46. Ke2 Bxc7 47. Bxc7 Kxc7 48. Kd2 Kd6 49. Kc3 Kc5 50. Kd2 Kc4 51. Kc2 f5 52. h4 g6 53. Kd2 h6 54. f3 Kd5 0-1

[Event "Wroclaw Anderssen Memorial"]
[Site "Wroclaw"]
[Date "2021.07.31"]
[Round "5"]
[White "Rzewnicki, Pawel"]
[Black "Srutwa, Maciej"]
[Result "1-0"]
[WhiteElo "1493"]
[BlackElo "1858"]
[PlyCount "99"]
[EventDate "2021.07.31"]
[EventType "swiss (rapid)"]
[EventRounds "9"]
[EventCountry "POL"]
[SourceTitle "CBM 203 Extra"]
[Source "ChessBase"]
[SourceDate "2021.09.30"]
[SourceVersion "1"]
[SourceVersionDate "2021.09.30"]
[SourceQuality "1"]

1. e4 e6 2. d4 d5 3. Nc3 Bb4 4. Nge2 a6 5. a3 Be7 6. Nf4 dxe4 7. Nxe4 Nf6 8. Bd3 Nc6 9. c3 e5 10. Nxf6+ Bxf6 11. Nh5 exd4 12. Nxf6+ Qxf6 13. cxd4 Qxd4 14. 0-0 Be6 15. Qc2 0-0-0 16. Bxa6 Ne5 17. Be3 Qh4 18. Rac1 Rd7 19. Bb5 c6 20. f4 Ng4 21. g3 Nxe3 22. Qa4 Qh3 23. Bxc6 Kb8 24. Rfe1 Nd5 25. Bxd7 Bxd7 26. Qc4 Bc6 27. Qf1 Qg4 28. Re5 f6 29. Ree1 h5 30. Qe2 Qg6 31. b4 Nxf4 32. Qc2 Nd3 33. b5 Qg5 34. Qxd3 Bxb5 35. Qd6+ Ka8 36. Rc5 Qxc5+ 37. Qxc5 Bc6 38. Re7 g5 39. Qa5+ Kb8 40. Qc7+ Ka8 41. Qa5+ Kb8 42. Qb4 h4 43. g4 h3 44. a4 Rd8 45. Kf2 Rd1 46. Rf7 Rh1 47. Ke3 Rxh2 48. Qd6+ Ka7 49. Qxh2 Bxa4 50. Qa2 1-0

[Event "Wroclaw-ch"]
[Site "Wroclaw"]
[Date "2003.??.??"]
[Round "1"]
[White "Rzewnicki, Pawel"]
[Black "Pokojska, Daria"]
[Result "0-1"]
[WhiteElo "1800"]
[BlackElo "2125"]
[PlyCount "80"]
[EventDate "2003.??.??"]
[EventType "swiss"]
[EventRounds "9"]
[EventCountry "POL"]
[SourceTitle "EXT 2007"]
[Source "ChessBase"]
[SourceDate "2006.11.23"]
[SourceVersion "1"]
[SourceVersionDate "2006.11.23"]
[SourceQuality "1"]

1. e4 c5 2. b4 cxb4 3. a3 e5 4. Nf3 Nc6 5. Bb2 bxa3 6. Nxa3 d6 7. Bc4 Be7 8. 0-0 Nf6 9. Qe2 0-0 10. c3 Bg4 11. d4 exd4 12. cxd4 d5 13. exd5 Nxd5 14. Nc2 Be6 15. Bd3 Nf4 16. Qe4 Nxd3 17. Qxd3 Bd5 18. Ne5 Nb4 19. Nxb4 Bxb4 20. Ba3 Bxa3 21. Rxa3 Qg5 22. Qh3 Be6 23. Qf3 f6 24. Nd3 Rfd8 25. Nf4 Bg4 26. Qe3 Re8 27. Qd2 Re2 28. Qc1 Re4 29. Qc4+ Kh8 30. Nh3 Qh5 31. Rg3 Qe8 32. f3 Rc8 33. Qd5 Re1 34. fxg4 Rxf1+ 35. Kxf1 Rc1+ 36. Kf2 Qe1+ 37. Kf3 Qf1+ 38. Ke4 Re1+ 39. Re3 Qxg2+ 40. Kf4 g5+ 0-1